Water resources of De Soto Parish, Louisiana, (Record no. 30004)

MARC details
000 -LEADER
fixed length control field 01300cam a22003251 4500
001 - CONTROL NUMBER
control field gs 65000172
003 - CONTROL NUMBER IDENTIFIER
control field DLC
005 - DATE AND TIME OF LATEST TRANSACTION
control field 20260227111416.0
008 - FIXED-LENGTH DATA ELEMENTS--GENERAL INFORMATION
fixed length control field 780801s1964 dcuab b f000 0 eng c
010 ## - LIBRARY OF CONGRESS CONTROL NUMBER
LC control number gs 65000172
035 ## - SYSTEM CONTROL NUMBER
System control number (OCoLC)4102024
040 ## - CATALOGING SOURCE
Original cataloging agency U.S. Geol. Survey. Libr.
Transcribing agency CLS
Modifying agency OCoLC
-- DLC
042 ## - AUTHENTICATION CODE
Authentication code premarc
043 ## - GEOGRAPHIC AREA CODE
Geographic area code n-us-la
050 00 - LIBRARY OF CONGRESS CALL NUMBER
Classification number TC801
Item number .U2 no. 1774
051 ## - LIBRARY OF CONGRESS COPY, ISSUE, OFFPRINT STATEMENT
Classification number TD224.L8
Item number P3
100 1# - MAIN ENTRY--PERSONAL NAME
Personal name Page, Leland Vernon,
Dates associated with a name 1915-
245 10 - TITLE STATEMENT
Title Water resources of De Soto Parish, Louisiana,
Statement of responsibility, etc. by Leland V. Page and Henry L. Preé, Jr.
260 ## - PUBLICATION, DISTRIBUTION, ETC.
Place of publication, distribution, etc. Washington,
Name of publisher, distributor, etc. U.S. Govt. Print. Off.,
Date of publication, distribution, etc. 1964.
300 ## - PHYSICAL DESCRIPTION
Extent vi, 152 p.
Other physical details illus., maps. and portfolio (illus., fold. maps)
Dimensions 24 cm.
490 1# - SERIES STATEMENT
Series statement Geological Survey (U.S.). Water-supply paper
Volume/sequential designation 1774
504 ## - BIBLIOGRAPHY, ETC. NOTE
Bibliography, etc. note Bibliography: p. 145-147.
500 ## - GENERAL NOTE
General note "Prepared in cooperation with the Louisiana Dept. of Public Works and the Louisiana Geological Survey, Dept. of Conservation."
650 #0 - SUBJECT ADDED ENTRY--TOPICAL TERM
Topical term or geographic name entry element Water-supply
Geographic subdivision Louisiana
-- De Soto Parish.
650 #0 - SUBJECT ADDED ENTRY--TOPICAL TERM
Topical term or geographic name entry element Groundwater
Geographic subdivision Louisiana
-- De Soto Parish.
650 #0 - SUBJECT ADDED ENTRY--TOPICAL TERM
Topical term or geographic name entry element Stream measurements
Geographic subdivision Louisiana
-- De Soto Parish.
650 #0 - SUBJECT ADDED ENTRY--TOPICAL TERM
Topical term or geographic name entry element Water
General subdivision Composition.
700 1# - ADDED ENTRY--PERSONAL NAME
Personal name Pree, Henry L.
Fuller form of name (Henry Louis),
Dates associated with a name 1917-
Relator term joint author.
830 #0 - SERIES ADDED ENTRY--UNIFORM TITLE
Uniform title Water-supply paper (Washington, D.C.) ;
Volume/sequential designation 1774.

No items available.

Powered by Koha